LexBlog United Kingdom

Bibliographic Details
Format: eBook
Language:English
Published: Londres: LexBlog, 2019 -
Subjects:
Online Access:Acceso restringido

MARC

LEADER 00000nam a22000007a 4500
005 20191030225757.0
007 cr|||| ||||
008 191030c20199999uk u|w s|||| 0|||b1eng d
035 |a 30472 
040 |a vLex 
090 |c 9986  |d 9986 
245 0 0 |a LexBlog United Kingdom  |h [Recurso electrn̤ico] / 
256 |a Servicio en ln̕ea 
260 |a Londres:  |b LexBlog,  |c 2019 - 
300 |a 1 recurso electrn̤ico 
310 |a No determinable 
506 1 |a Disponible solo en los productos indicados  |d vLex Global  |d vLex Global (Academic Edition, excluding Law Schools)  |d vLex Global (U.S. Academic Edition, Law Schools)  |d vLex Global (U.S. Academic Edition, excluding Law Schools)  |d vLex Global (Academic Edition, Law Schools) 
650 0 4 |a Interš general  |z Reino Unido 
740 0 |a vLex Revistas (Servicio en ln̕ea) 
856 4 0 |u http://vlex.com/source/30472  |z Acceso restringido 
942 |c REV 
999 0 |a General interest